52 WAYS TO LIVE SUCCECC (Record no. 2632)
[ view plain ]
| 000 -LEADER | |
|---|---|
| fixed length control field | 00316nam a2200121Ia 4500 |
| 008 - FIXED-LENGTH DATA ELEMENTS--GENERAL INFORMATION | |
| fixed length control field | 240624s9999 xx 000 0 und d |
| 041 ## - LANGUAGE CODE | |
| Language code of text/sound track or separate title | eng |
| 082 ## - DEWEY DECIMAL CLASSIFICATION NUMBER | |
| Classification number | 658.4093 SHA |
| 100 ## - MAIN ENTRY--PERSONAL NAME | |
| Personal name | SHARBUNO JEANNE |
| 245 ## - TITLE STATEMENT | |
| Title | 52 WAYS TO LIVE SUCCECC |
| 260 ## - PUBLICATION, DISTRIBUTION, ETC. | |
| Date of publication, distribution, etc. | 2005 |
| Place of publication, distribution, etc. | Mumbai |
| Name of publisher, distributor, etc. | Jaico Publishing House |
| 300 ## - PHYSICAL DESCRIPTION | |
| Extent | 168 : p. : cm. ; 18 |
| Withdrawn status | Lost status | Damaged status | Not for loan | Home library | Current library | Shelving location | Date acquired | Source of acquisition | Full call number | Barcode | Date last seen | Copy number | Price effective from | Koha item type |
|---|---|---|---|---|---|---|---|---|---|---|---|---|---|---|
| IMTN | IMTN | Rack 29-B | 09/09/2005 | AP | 658.4093 SHA | 2632 | 06/24/2024 | 1 | 06/24/2024 | Books |